000
00323nam a22001457a 4500
003
SGT
020
_a
9789355201881
082
_a
920
_b
J21G
100
_a
GOGOI, RANJAN
245
_a
JUSTICE FOR THE JUDGE: AN AUTOBIOGRAPHY
260
_b
RUPA PUBLICATIONS
_c
2021
300
_a
249
650
_a
BIOGRAPHY
942
_2
ddc
_c
BK
999
_c
28228
_d
28228